logo

Bir Sreshtho Munshi Abdur Rouf Library
Jhenaidah Cadet College

Al-Shura : (Record no. 12422)

MARC details
000 -LEADER
fixed length control field 00717nam a2200241 a 4500
001 - CONTROL NUMBER
JCCL Control Number 12422
003 - CONTROL NUMBER IDENTIFIER
JCCL marc code BD-JhCC
005 - DATE AND TIME OF LATEST TRANSACTION
control field 20220214094817.0
008 - FIXED-LENGTH DATA ELEMENTS--GENERAL INFORMATION
fixed length control field 220214b2011 enk |||| ||a| 001 0 eng d
020 ## - INTERNATIONAL STANDARD BOOK NUMBER
International Standard Book Number 9781565643628
035 ## - SYSTEM CONTROL NUMBER
system control number (BD-JhCC)12422
040 ## - CATALOGING SOURCE
Original cataloging agency BD-JhCC
Modifying agency BD-JhCC
041 ## - LANGUAGE CODE
Language code of Book english
082 ## - DEWEY DECIMAL CLASSIFICATION NUMBER
Classification number 306.697
Author mark and Year ALR 2011
100 ## - MAIN ENTRY--PERSONAL NAME
Personal name Al-Raysuni, Ahmid
245 ## - TITLE STATEMENT
Title Al-Shura :
Remainder of title The Qur'anic Principle Of Consultation /
Statement of responsibility, etc Ahmid Al-Raysuni, Tran: Nancy Roberts.
260 ## - PUBLICATION, DISTRIBUTION, ETC. (IMPRINT)
Place of publication, distribution, etc London :
Name of publisher, distributor, etc The International Institute of Islamic Thought;
Date of publication, distribution, etc 2011.
300 ## - PHYSICAL DESCRIPTION
Pagination 191 p. :
Dimensions 23 cm.
650 ## - SUBJECT ADDED ENTRY--TOPICAL TERM
Topical term or geographic name as entry element Reproductive Government And Representation
700 ## - ADDED ENTRY--PERSONAL NAME
Personal name Roberts,Nancy
942 ## - ADDED ENTRY ELEMENTS (KOHA)
Source of classification or shelving scheme Dewey Decimal Classification
Koha item type Books
Holdings
Source of classification or shelving scheme Damaged status Not for loan Home library Current library Shelving location Date of accession Cost, normal purchase price Total Checkouts Full call number Barcode Date last seen Copy number Koha item type
Dewey Decimal Classification     JCC Rouf Library JCC Rouf Library General Stacks 06/10/2021 300.00   306.697 ALR 2011 16712 02/14/2022 C-1 Books

JCC Library | Contacts | JCC Home

Last Update on 23 September 2017
Copyright @ 2017-2020 JCC Rouf Library
Rouf Library, Jhenidah Cadet College (JCC), Bangladesh